[Event "Ufa Gumerov Memorial"]
[Site "Ufa"]
[Date "2012.08.07"]
[Round "7"]
[White "Kalegin, Evgenij"]
[Black "Darmin, Dmitry"]
[Result "1-0"]
[WhiteElo "2467"]
[BlackElo "2356"]
[PlyCount "75"]
[EventDate "2012.08.01"]
[EventType "tourn"]
[EventRounds "9"]
[EventCountry "RUS"]
[EventCategory "7"]
[SourceTitle "EXT 2013"]
[Source "ChessBase"]
[SourceDate "2012.11.22"]
[SourceVersion "1"]
[SourceVersionDate "2012.11.22"]
[SourceQuality "1"]

1. e4 c6 2. d4 d5 3. Nc3 dxe4 4. Nxe4 Nd7 5. Ng5 Ngf6 6. Bd3 e6 7. N1f3 Bd6 8. Qe2 h6 9. Ne4 Nxe4 10. Qxe4 Nf6 11. Qe2 b6 12. Ne5 Bb7 13. Bd2 Qc7 14. f4 c5 15. Bb5+ Ke7 16. dxc5 bxc5 17. 0-0-0 Ne4 18. Qh5 g6 19. Qh4+ g5 20. Qh5 Bxe5 21. fxe5 Rad8 22. Rhf1 Rh7 23. Bd3 Qxe5 24. Bxe4 Bxe4 25. Bc3 Rxd1+ 26. Qxd1 Qc7 27. Bf6+ Kf8 28. Qe2 Bd5 29. c4 Bc6 30. g3 Rg7 31. Be5 Qa5 32. Qd3 Qxa2 33. Qd6+ Kg8 34. Qd8+ Be8 35. Qxe8+ Kh7 36. Rxf7 Qxc4+ 37. Bc3 e5 38. Rf8 1-0

[Event "Ufa Abelguzin Cup"]
[Site "Ufa"]
[Date "2012.03.26"]
[Round "3"]
[White "Kalegin, Evgenij"]
[Black "Darmin, Dmitry"]
[Result "1-0"]
[WhiteElo "2479"]
[BlackElo "2376"]
[PlyCount "63"]
[EventDate "2012.03.23"]
[EventType "tourn"]
[EventRounds "9"]
[EventCountry "RUS"]
[SourceTitle "EXT 2013"]
[Source "ChessBase"]
[SourceDate "2012.11.22"]
[SourceVersion "1"]
[SourceVersionDate "2012.11.22"]
[SourceQuality "1"]

1. e4 c6 2. d4 d5 3. Nc3 dxe4 4. Nxe4 Nd7 5. Ng5 Ngf6 6. Bd3 e6 7. N1f3 Bd6 8. Qe2 h6 9. Ne4 Nxe4 10. Qxe4 Nf6 11. Qe2 b6 12. Bd2 Qc7 13. Ne5 Bb7 14. f4 c5 15. Bb5+ Ke7 16. dxc5 Qxc5 17. 0-0-0 Rac8 18. Bd3 Rhd8 19. Kb1 Qc7 20. Rhe1 Nd5 21. a3 b5 22. f5 Bxe5 23. Qxe5 Qxe5 24. Rxe5 a6 25. fxe6 fxe6 26. g4 Nf6 27. g5 hxg5 28. Rxg5 Kf8 29. Bb4+ Kf7 30. Rdg1 Ne8 31. Bg6+ Kf6 32. h4 1-0

[Event "Ufa-ch sf1"]
[Site "Ufa"]
[Date "2012.01.23"]
[Round "3"]
[White "Darmin, Dmitry"]
[Black "Kondaratsev, Denis"]
[Result "1-0"]
[WhiteElo "2356"]
[BlackElo "2028"]
[PlyCount "148"]
[EventDate "2012.01.21"]
[EventType "swiss"]
[EventRounds "9"]
[EventCountry "RUS"]
[SourceTitle "EXT 2014"]
[Source "ChessBase"]
[SourceDate "2013.11.20"]
[SourceVersion "1"]
[SourceVersionDate "2013.11.20"]
[SourceQuality "1"]

1. e4 d5 2. exd5 Qxd5 3. d4 e5 4. c3 Nc6 5. Be3 exd4 6. cxd4 Nf6 7. Nc3 Qa5 8. Nf3 Bg4 9. Be2 Be7 10. h3 Bf5 11. 0-0 0-0 12. Rc1 Nb4 13. Qd2 Kh8 14. Bc4 c6 15. Rfe1 Qd8 16. Bf4 Rc8 17. g4 Bg6 18. Ne5 Bd6 19. Rcd1 Nbd5 20. Bg5 Qc7 21. Bxf6 Nxf6 22. f4 b5 23. Bb3 b4 24. Na4 Nd7 25. f5 Nxe5 26. dxe5 Bxe5 27. fxg6 fxg6 28. Rf1 c5 29. Qg2 c4 30. Bc2 c3 31. b3 Rxf1+ 32. Qxf1 Bh2+ 33. Kh1 Bf4 34. Rd4 Bd6 35. Qc4 Qb7+ 36. Qd5 Qe7 37. Rd1 Qe3 38. Qg2 Bf4 39. Rf1 Bd6 40. Qf3 Qe5 41. Rf2 Qe1+ 42. Kg2 Qe5 43. Re2 Qd4 44. Qe4 Qf6 45. Qe6 Qd8 46. Bd3 Qf8 47. Rf2 Qd8 48. Bc4 Rc7 49. h4 Be7 50. Re2 Rd7 51. Kh3 Bd6 52. Qe8+ Bf8 53. g5 Rd2 54. Qxd8 Rxd8 55. a3 h6 56. axb4 Bxb4 57. Rc2 Rd1 58. Nxc3 Rh1+ 59. Kg2 Rxh4 60. gxh6 gxh6 61. Nd5 Bd6 62. Rc1 Kg7 63. Rd1 Rh2+ 64. Kg1 Rh4 65. Nc3 Bc5+ 66. Kg2 Rd4 67. Rf1 g5 68. Rf7+ Kg6 69. Rc7 Bb6 70. Rc6+ Kg7 71. Nd5 Rd2+ 72. Kf3 Bd4 73. Ke4 g4 74. Nf4 Bb2 1-0

[Event "Sterlitamak op"]
[Site "Sterlitamak"]
[Date "2011.07.03"]
[Round "7"]
[White "Karimov, Zakir"]
[Black "Darmin, Dmitry"]
[Result "0-1"]
[WhiteElo "2049"]
[BlackElo "2365"]
[PlyCount "87"]
[EventDate "2011.06.27"]
[EventType "swiss"]
[EventRounds "9"]
[EventCountry "RUS"]
[SourceTitle "EXT 2012"]
[Source "ChessBase"]
[SourceDate "2011.11.24"]
[SourceVersion "1"]
[SourceVersionDate "2011.11.24"]
[SourceQuality "1"]

1. d4 Nf6 2. Nf3 e6 3. c4 b6 4. g3 Bb7 5. Bg2 Be7 6. 0-0 0-0 7. Nc3 d5 8. Ne5 Na6 9. cxd5 exd5 10. Bg5 h6 11. Bd2 c5 12. e3 Nc7 13. Re1 Ne6 14. Ne2 Qd6 15. Bc3 Rac8 16. Rc1 Rfd8 17. b3 Ba8 18. Bb2 Qb8 19. Bh3 Bd6 20. f4 Rc7 21. Kh1 Ne4 22. Rf1 Nf8 23. Bg2 Re7 24. Rc2 Bb7 25. Kg1 f6 26. Nf3 Rde8 27. Re1 Qa8 28. Nc1 Rc7 29. Nd2 Nxd2 30. Qxd2 c4 31. bxc4 dxc4 32. d5 b5 33. Bc3 Nd7 34. e4 Nb6 35. Kf1 Rce7 36. Re2 Na4 37. Bb4 Qb8 38. a3 Qc7 39. Na2 Nc5 40. Nc3 a6 41. Qd4 Nb3 42. Qd1 Bxb4 43. axb4 Qd6 44. Bh3 0-1

[Event "Sterlitamak op"]
[Site "Sterlitamak"]
[Date "2011.07.01"]
[Round "5"]
[White "Khokhriakov, Dmitry"]
[Black "Darmin, Dmitry"]
[Result "1/2-1/2"]
[WhiteElo "2061"]
[BlackElo "2365"]
[PlyCount "51"]
[EventDate "2011.06.27"]
[EventType "swiss"]
[EventRounds "9"]
[EventCountry "RUS"]
[SourceTitle "EXT 2012"]
[Source "ChessBase"]
[SourceDate "2011.11.24"]
[SourceVersion "1"]
[SourceVersionDate "2011.11.24"]
[SourceQuality "1"]

1. e4 c6 2. d4 d5 3. exd5 cxd5 4. c4 Nf6 5. Nc3 e6 6. Nf3 Be7 7. c5 0-0 8. Bf4 Ne4 9. Bd3 f5 10. h4 Nc6 11. Bb5 Bd7 12. Rc1 Be8 13. h5 Rc8 14. a3 Bf6 15. b4 Nxc3 16. Rxc3 Nxd4 17. Nxd4 e5 18. Bxe5 Bxe5 19. Bxe8 Qf6 20. Bd7 Bxd4 21. Rd3 Qe7+ 22. Kf1 Qxd7 23. Rxd4 Rcd8 24. Rh3 f4 25. Rhd3 Rf5 26. Kg1 1/2-1/2

[Event "Ufa Kopylov Memorial"]
[Site "Ufa"]
[Date "2010.12.23"]
[Round "3"]
[White "Darmin, Dmitry"]
[Black "Glidzhain, Gor Mikhailovich"]
[Result "1/2-1/2"]
[WhiteElo "2364"]
[BlackElo "2354"]
[PlyCount "62"]
[EventDate "2010.12.21"]
[EventType "tourn"]
[EventRounds "9"]
[EventCountry "RUS"]
[EventCategory "4"]
[SourceTitle "CBM 140 Extra"]
[Source "ChessBase"]
[SourceDate "2011.03.01"]
[SourceVersion "1"]
[SourceVersionDate "2011.03.01"]
[SourceQuality "1"]

1. e4 e5 2. d4 d6 3. Bc4 exd4 4. Nf3 Nc6 5. Nxd4 Be7 6. 0-0 Nf6 7. Nc3 0-0 8. f3 Ne5 9. Be2 c5 10. Nb3 a6 11. f4 Nc6 12. Bf3 Be6 13. Be3 Re8 14. g4 Bf8 15. g5 Nd7 16. h4 Rc8 17. Qe1 Bc4 18. Rf2 d5 19. Nd2 dxe4 20. Bxe4 Nb6 21. b3 Bd5 22. Nxd5 Nxd5 23. c4 Nc3 24. Bf5 Rc7 25. Nf1 Ne4 26. Rd1 Qb8 27. Re2 g6 28. Bxe4 Rxe4 29. Ng3 Re8 30. Bf2 Rce7 31. Ne4 Qxf4 1/2-1/2

[Event "Ufa Kopylov Memorial"]
[Site "Ufa"]
[Date "2010.12.22"]
[Round "2"]
[White "Imashev, Ildar"]
[Black "Darmin, Dmitry"]
[Result "1/2-1/2"]
[WhiteElo "2283"]
[BlackElo "2364"]
[PlyCount "94"]
[EventDate "2010.12.21"]
[EventType "tourn"]
[EventRounds "9"]
[EventCountry "RUS"]
[EventCategory "4"]
[SourceTitle "CBM 140 Extra"]
[Source "ChessBase"]
[SourceDate "2011.03.01"]
[SourceVersion "1"]
[SourceVersionDate "2011.03.01"]
[SourceQuality "1"]

1. d4 Nf6 2. c4 e5 3. dxe5 Ng4 4. Bf4 g5 5. Bg3 Bg7 6. Nf3 Nc6 7. h4 Ngxe5 8. Nxe5 Nxe5 9. Nc3 h6 10. Qc2 g4 11. 0-0-0 0-0 12. e3 d6 13. Be2 c6 14. f4 gxf3 15. gxf3 Qb6 16. Bf4 Be6 17. Rhg1 Ng6 18. Bxd6 Qxe3+ 19. Qd2 Qxd2+ 20. Rxd2 Nxh4 21. Bxf8 Kxf8 22. Ne4 b6 23. Ng3 Be5 24. Nh5 c5 25. Rh1 Ng6 26. Rdd1 a6 27. Bd3 Bd4 28. Rde1 Ne5 29. Be4 Ra7 30. b3 b5 31. Nf4 Bd7 32. Rxh6 bxc4 33. Kc2 cxb3+ 34. axb3 c4 35. Rh8+ Ke7 36. Nd5+ Kd6 37. Rh6+ Kc5 38. b4+ Kb5 39. Rd1 Nd3 40. Bxd3 cxd3+ 41. Kxd3 Bg7 42. Rb6+ Ka4 43. Nc3+ Bxc3 44. Kxc3 Rc7+ 45. Kb2 Bb5 46. Ra1+ Kxb4 47. Raxa6 Kc5 1/2-1/2

[Event "Ufa op"]
[Site "Ufa"]
[Date "2010.11.21"]
[Round "2"]
[White "Ardashirov, Akhtjam"]
[Black "Darmin, Dmitry"]
[Result "0-1"]
[WhiteElo "2094"]
[BlackElo "2364"]
[PlyCount "66"]
[EventDate "2010.11.20"]
[EventType "swiss"]
[EventRounds "9"]
[EventCountry "RUS"]
[SourceTitle "CBM 139 Extra"]
[Source "ChessBase"]
[SourceDate "2011.01.05"]
[SourceVersion "1"]
[SourceVersionDate "2011.01.05"]
[SourceQuality "1"]

1. d4 Nf6 2. Nf3 e6 3. Bg5 d5 4. e3 c5 5. c3 Nc6 6. Bd3 Be7 7. Nbd2 a6 8. 0-0 0-0 9. Ne5 Nd7 10. Qh5 f5 11. Bxe7 Qxe7 12. f4 Nf6 13. Qh4 Bd7 14. Ndf3 Be8 15. Rac1 c4 16. Bc2 b5 17. a3 a5 18. Ra1 Rb8 19. Rfb1 Na7 20. Ng5 g6 21. g4 Nc8 22. gxf5 exf5 23. Kh1 Nd6 24. Ngf3 b4 25. axb4 axb4 26. cxb4 Rxb4 27. Qh6 Nfe4 28. Ra5 c3 29. b3 Rf6 30. Ng5 Nxg5 31. fxg5 Rf8 32. Rba1 Nb5 33. Qh4 Qxe5 0-1